banner koha

Differential capacity of nitrogen assimilation between apical and basal leaf portions of a tank epiphytic bromeliad (Registro n. 199458)

MARC details
000 -LÍDER
campo de controle de tamanho fixo 00818nas a2200253 4500
001 - NÚMERO DE CONTROLE
campo de controle BR0807596
003 - IDENTIFICADOR DO NÚMERO DE CONTROLE
campo de controle BR-BrBNA
005 - DATA E HORÁRIO DA ÚLTIMA TRANSAÇÃO
campo de controle 20231205112711.0
007 - CAMPO FIXO DE DESCRIÇÃO FÍSICA--INFORMAÇÃO GERAL
campo de controle de tamanho fixo ta
008 - CAMPO DE DADOS FIXOS--INFORMAÇÃO GERAL
campo de controle de tamanho fixo 230509b bl.|||p| |||| 00| 00por d
040 ## - FONTE DA CATALOGAÇÃO
Instituição da catalogação original BR-BrBNA
Idioma da catalogação por
Instituição que transcreveu o registro Biblioteca Nacional de Agricultura
041 ## - CÓDIGO DE IDIOMA
Código do idioma do texto/trilha sonora ou título diferente (En)
072 ## - CÓDIGO DE CATEGORIA DE ASSUNTO
Código de Categoria de Assunto F60
100 1# - ENTRADA PRINCIPAL--NOME PESSOAL
Nome pessoal Takahashi, C.A.
100 1# - ENTRADA PRINCIPAL--NOME PESSOAL
Nome pessoal Ceccantini, G.C.T.
100 1# - ENTRADA PRINCIPAL--NOME PESSOAL
Nome pessoal Mercier, H.
245 1# - TÍTULO
Título Differential capacity of nitrogen assimilation between apical and basal leaf portions of a tank epiphytic bromeliad
650 ## - ASSUNTO--TERMO TÓPICO
Cabeçalho tópico ou nome geográfico BROMÉLIA
650 ## - ASSUNTO--TERMO TÓPICO
Cabeçalho tópico ou nome geográfico BIOLOGIA VEGETAL
650 ## - ASSUNTO--TERMO TÓPICO
Cabeçalho tópico ou nome geográfico NITROGÊNIO
773 0# - ENTRADA ANALÍTICA
Título Brazilian Journal of Plant Physiology (Brazil)
ISSN - International Standard Serial Number ISSN 1677-0420
Partes relacionadas (Apr-Jun 2007), v. 19(2) p. 119-126
Número de controle do registro BR0807596
909 ## -
-- 202311
-- Lúcia
-- 55
-- Lúcia Elande
942 ## - ELEMENTOS DE ENTRADA ADICIONADOS (KOHA)
Fonte da classificação ou esquema de arquivamento na estante Classificação AGRIS
Ocultar no OPAC Não
Tipo de material Koha Analítica
Exemplares
Situação do descarte Fonte da classificação ou esquema de arquivamento na estante Situação física Não pode ser emprestado Biblioteca de origem Biblioteca atual Localização na estante Enumeração do periódico / cronologia Total de empréstimos Data de último acesso Número do exemplar Tipo de material Koha Fonte de aquisição
  Classificação AGRIS   Consulta local Biblioteca Nacional de Agricultura - Binagri Biblioteca Nacional de Agricultura - Binagri   (Apr-Jun 2007), v. 19(2) p. 119-126   29/11/2023 01 Periódicos Portaria Interministerial nº 164/94

BINAGRI

Telefone: (61)3218-2567/2388/3357/2097 - binagri@agro.gov.br

Ministério da Agricultura e Pecuária , Esplanada dos Ministérios, Bloco D, Anexo B, Brasília/DF, CEP: 70.043-900